Normal view
MARC view
Entry Personal Name
001 - CONTROL NUMBER
- control field: 16709
003 - CONTROL NUMBER IDENTIFIER
- control field: dpl
005 - DATE AND TIME OF LATEST TRANSACTION
- control field: 20100825163302.0
008 - FIXED-LENGTH DATA ELEMENTS
- fixed length control field: 100825|||a|||||| | ||| d
040 ## - CATALOGING SOURCE
- Original cataloging agency: dpl
- Transcribing agency: dpl
100 ## - HEADING--PERSONAL NAME
- Personal name: Sumithra, N.
670 ## - SOURCE DATA FOUND
- Source citation: Work cat.: (dpl)42718: Sumithra, N., Human animal conflicts in the agricultural areas of the Nilgiris /, 2008
670 ## - SOURCE DATA FOUND
- Source citation: Work cat.: (dpl)42718: Sumithra, N., Human animal conflicts in the agricultural areas of the Nilgiris /, 2008
